| 000 | 00998nam a2200289 a 4500 | ||
|---|---|---|---|
| 001 | BRL_1304 | ||
| 005 | 20190320211134.0 | ||
| 008 | 030114t1947----mx-ao#####---#000-0#spa-# | ||
| 041 | _aspa | ||
| 044 | _amx | ||
| 050 | 4 |
_aF3429.3.A7 _b.P47 1947 |
|
| 245 | 1 | 0 |
_aPerú _bjoyas, telas, cerámica _ctextos y dirección gráfica de Herlinda Treviño de Sáenz ; dibujos de Xavier Gómez ; traducción al inglés Maria G. Brooke. |
| 260 |
_aMéxico _b[s.e.] _c1947 |
||
| 300 |
_a235 p. _bil. _c31 cm. |
||
| 500 | _aAu1533 | ||
| 500 | _aEste libro es el N° 941 de los mil ejemplares que se imprimieron. | ||
| 500 | _aColección del profesor Moises Sáenz | ||
| 650 | 1 | 4 |
_aIndígenas de Perú _xArte _926438 |
| 650 | 1 | 4 |
_aArte peruano _926439 |
| 650 | 1 | 4 |
_aCerámica _zPerú _926440 |
| 651 | 4 |
_aPerú _xAntigüedades _919276 |
|
| 700 | 1 |
_aTreviño de Sáenz, Herlinda _926441 |
|
| 700 | 1 |
_aGómez, Xavier _eil. _926442 |
|
| 700 | 1 |
_aBrooke, Maria G. _etr. _926443 |
|
| 902 | _aGRL | ||
| 942 |
_2lcc _cB |
||
| 999 |
_c10116 _d10116 |
||